| 000 | 01351nam a2200337 a 4500 | ||
|---|---|---|---|
| 001 | 000007137 | ||
| 003 | DO-SdBNP | ||
| 005 | 20240320135343.0 | ||
| 007 | 000007137 | ||
| 008 | 090717s2011 mx 001 0 spa d | ||
| 020 | _z9789681675554 | ||
| 040 |
_aBPMSU _bspa _cBPMSU |
||
| 082 | 4 |
_a972.03 _bV217o 2011 _222 |
|
| 100 | 1 |
_aVan Young, Eric Julian. _d |
|
| 245 | 1 | 3 |
_aLa otra rebelión : _bla lucha por la independencia de México, 1810-1821 / _cEric Van Young ; traducción de Rossana Reyes Vega. |
| 260 |
_aMéxico : _bFondo de Cultura Económica ; _c2011 |
||
| 300 |
_a1007 p. ; _c24 cm. _b |
||
| 440 | _x | ||
| 490 | 0 | _aSección de obras de historia | |
| 500 | _aIncluye bibliografía e índice. | ||
| 504 | _aIncluye referencias bibliográficas y notas al pie de las páginas | ||
| 534 |
_pTítulo original : _tThe other rebellion. Popular violence, ideology, and the mexican struggle for indepedence, 1810-1821. _a |
||
| 590 | _aInventariado, 2024/VM | ||
| 651 | 4 |
_aIndígenas de México _xHistoria _ySiglo XIX |
|
| 651 | 4 |
_aMéxico _xHistoria _y Guerra de independencia, 1810-1821 |
|
| 700 | 1 |
_aReyes Vega, Rossana., _etr. |
|
| 710 | 2 | _aFondo de Cultura Económica (México) | |
| 710 | 2 | _aInstituto Nacional de Antropología e Historia (México) | |
| 910 | _aVMateo V. Control de calidad BPMSU | ||
| 942 |
_2ddc _cBK |
||
| 999 |
_c14608 _d14608 |
||